|
|
|
|
| LEADER |
00000nab a2200000uu 4500 |
| 001 |
vtls011450901 |
| 003 |
SK-MaSNL |
| 005 |
20260303151334.0 |
| 008 |
230222|2012 xo |||||||||||||||||eng| |
| 015 |
|
|
|a SNBRB
|
| 035 |
|
|
|a (urnnbn)urn:nbn:sk:snk:ar-006k5p
|
| 035 |
|
|
|a (uuid)8e011545-25d3-47f5-a0f3-2f4ad7d6a73c
|
| 035 |
|
|
|a urn:nbn:sk:snk-abcmzg
|
| 040 |
|
|
|a SNKBUCL
|b slo
|c SNKBUCL
|e AACR2
|
| 041 |
0 |
|
|a eng
|
| 044 |
|
|
|a xo
|c SK
|
| 100 |
1 |
|
|a Fortuné Massamba
|4 aut
|9 1170804
|
| 245 |
1 |
0 |
|a ON LIGHTLIKE GEOMETRY IN INDEFINITE KENMOTSU MANIFOLDS
|c Fortuné Massamba
|
| 773 |
0 |
|
|t Mathematica Slovaca
|g Roč. 62, č. 2 (2012), s. [315]-344
|
| 958 |
|
|
|a OND
|
| 958 |
|
|
|a EUIPO
|
| 958 |
|
|
|a article16
|
| 999 |
|
|
|c 2017148
|d 2019078
|